QA #01 - Chansons françaises de Noël à artistes - Clic Quiz - Statistiques

Statistiques générales
  • Ce quiz a été pris 787 fois
  • Le résultat moyen est 3 sur 10
Statistiques - réponses
Hint Réponse % Correct
Petit Papa Noël Tino Rossi
77%
Quand te reverrai-je, pays merveilleux? Michel Blanc
52%
La fille du Père Noël Jacques Dutronc
47%
Noël à Paris Charles Aznavour
34%
Chanson pour Noël Charles Trenet
25%
Le Noël des amoureux Line Renaud
21%
Noël que du bonheur Ilona Mitrecey
18%
C'est Noël Fernandel
12%
Petit Garçon Garou
11%
Mon Premier Sapin Blanc Roch Voisine
9%
Aucun quiz correspondant
Distribution des résultats
% des personnes avec chaque résultat
Percentile par nombre de réponses
Votre historique - résultats
Vous n’avez pas pris ce quiz